| 000 | 00850nam0a22002411 4500 | ||
|---|---|---|---|
| 001 | rc\827970 | ||
| 005 | 20041129091733.4 | ||
| 035 | _a(NLR Aleph) 006010166 | ||
| 090 |
_a7320041 _c7320041 |
||
| 100 | _a20041129d1984 u |0rusy50 ca | ||
| 101 | 0 | _arus | |
| 102 | _aRU | ||
| 105 | _ay ||||||||| | ||
| 200 | 1 |
_aЕвпраксия _aЛьвиное сердце _eРоманы _eПер. с укр. _fПавло Загребельный _g[Вступ. ст. В. Оскоцкого] |
|
| 210 |
_aМ. _cХудож. лит. _d1984 |
||
| 215 |
_a687 с. _d21 |
||
| 300 | _aВ вып. дан. авт.: Павел Архипович Загребельный | ||
| 700 | 1 |
_aЗагребельный _bП. А. _f1924- _gПавел Архипович |
|
| 801 | 0 |
_aRU _bNLR _gpsbo |
|
| 801 | 1 |
_aRU _bELAR _2rusmarc |
|
| 852 |
_aNLR _j84-3/11114 |
||
| 942 | _cBOOK | ||
| 980 | _aNB | ||